000 00845nam a2200229 a 4500
999 _c11520
_d11520
001 11520
003 BD-JhCC
005 20220725134023.0
008 181027b20012018bg |||| ||a| 000 0 ben d
035 _a(BD-JhCC)11520
040 _aBD-JhCC
_dBD-JhCC
041 _aben
082 _a297
_bSHO 2018
100 _aশফী, মুফতী মোহাম্মদ
245 _aবিশ্ব নবীর (সাঃ) মে'রাজ শরীফ /
_cঅনু: মাওলানা গোলাম মোস্তফা ।
260 _aঢাকা:
_bসোলেমানিয়া বুক হাউস;
_c২০১৮.
300 _a৩৮৪ পৃ. :
_c২২ সেমি.
650 _aIslamic
700 _a মোস্তফা, মাওলানা গোলাম
942 _2ddc
_cBK
_04